Taylor Swift - Devine la chanson sans indices #15 - Statistiques

Statistiques générales
  • Ce quiz a été pris 476 fois
  • Le résultat moyen est 294 sur 422
Statistiques - réponses
Réponse % Correct
I
100%
a
98%
You
98%
you
98%
the
93%
me
90%
love
88%
oh
88%
Oh,
88%
it
86%
It
86%
And
84%
and
84%
do
84%
he
84%
He
84%
is
83%
So
83%
so
83%
my
81%
on
80%
go
79%
they
79%
They
79%
But
78%
say
77%
then
77%
Then
77%
like
76%
did
75%
for
75%
can
74%
never
74%
This
74%
all
73%
had
73%
What
72%
'Cause
71%
'cause
71%
ever
71%
could
70%
If
69%
if
69%
bad
68%
bad,
68%
(Bad)
68%
don't
68%
"Don't
68%
feel
68%
feel,
68%
something
67%
good?
65%
good,
65%
good
65%
'em
63%
how
63%
one
63%
see
63%
think
63%
them
62%
him
61%
tell
61%
trust
61%
look
60%
make
60%
get
58%
got
58%
narcissist
58%
play
58%
every
57%
I'd
57%
just
57%
man
57%
up
57%
up),
57%
up,
57%
up)
57%
over
56%
Now
55%
again
54%
comin'
54%
easy
54%
lie
54%
skin
54%
world
54%
about
53%
nothin'
53%
three
53%
works
53%
light
52%
(light
52%
Light
52%
aren't
50%
even
50%
felt
50%
leave
50%
thing"
50%
violin
50%
before
49%
lips
49%
burning
48%
left
48%
says,
48%
shit,
48%
thinks
48%
witches,
48%
flames
47%
nothing
47%
playboy
47%
why's
47%
Why's
47%
coming
46%
talks
46%
let
45%
They're
45%
gotta
44%
next
44%
owe
44%
red
44%
regret
43%
ahead
42%
around
42%
away
42%
bit,
42%
their
42%
Their
42%
fun
41%
Most
41%
name,
39%
throw
38%
saved
37%
drops
32%
change,
31%
fly
31%
paint
31%
proof
31%
reasons
31%
spends
25%
Crimson
24%
pitchforks
24%
receipts
23%
Aucun quiz correspondant
Distribution des résultats
% des personnes avec chaque résultat
Percentile par nombre de réponses
Votre historique - résultats
Vous n’avez pas pris ce quiz